The letters to the Corinthians. (Record no. 5740)

000 -LEADER
fixed length control field 00701nam a2200205 a 4500
001 - CONTROL NUMBER
control field :::00003482$&:&@@
003 - CONTROL NUMBER IDENTIFIER
control field OkBaRHE
005 - DATE AND TIME OF LATEST TRANSACTION
control field 20110405220033.0
008 - FIXED-LENGTH DATA ELEMENTS--GENERAL INFORMATION
fixed length control field s1975 j 000 0 eng u
040 ## - CATALOGING SOURCE
Transcribing agency
100 1# - MAIN ENTRY--PERSONAL NAME
Personal name Barclay, William, 1907-1978.
245 14 - TITLE STATEMENT
Title The letters to the Corinthians.
250 ## - EDITION STATEMENT
Edition statement Rev. ed.
260 ## - PUBLICATION, DISTRIBUTION, ETC. (IMPRINT)
Place of publication, distribution, etc Philadelphia, PA., :
Name of publisher, distributor, etc Westminster Press
Date of publication, distribution, etc 1975
300 ## - PHYSICAL DESCRIPTION
Extent 268 p. ;
Dimensions 20 cm.
490 0# - SERIES STATEMENT
Series statement The daily study Bible series.--Rev. ed.
650 ## - SUBJECT ADDED ENTRY--TOPICAL TERM
Topical term or geographic name as entry element Bible New Testament Corinthians
General subdivision Commentaries
942 ## - ADDED ENTRY ELEMENTS (KOHA)
Source of classification or shelving scheme
Koha item type Books
Copies
Date acquired Permanent Location Koha item type Not for loan Full call number Price effective from Barcode Damaged status Shelving location Lost status Withdrawn status Current Location Date last seen Copy number Source of classification or shelving scheme
2010-04-14RHEMA Bible Training CollegeBooks BS 2673 .B37 19752010-04-143482 General Stacks  RHEMA Bible Training College2018-03-281